00648nam a2200157 i 450000100060000000300090000600500170001500700030003200800410003510000330007624501780010926000290028730000210031650000720033785200810040937530ES-MaACL20250720063042.0t|030317s1844 sp |||| | spa d1 aColmeiro, Miguel,d1816-190110aNoticia de las materias relativas a ciencias médicas, que ocuparon al Quinto Congreso Científico Italiano, reunido en Lucca en setiembre de 1843 / cpor Miguel Colmeiro. a[S.l. : bs.n., c1844?] a25 p. ; c20 cm. aDiscurso publicado en el Rep. méd. de Barcelona de enero de 1844. aES-MaACLjC-12063(6) z- Encuadernado con otras obras q- Ejemp. sin portada